Loreto College Library, Kolkata
WEBOPAC (ONLINE PUBLIC ACCESS CATALOGUE)

History of Ancient Bengal (Record no. 19132)

MARC details
000 -LEADER
fixed length control field 00357nam a2200145Ia 4500
005 - DATE AND TIME OF LATEST TRANSACTION
control field 20221126110432.0
008 - FIXED-LENGTH DATA ELEMENTS--GENERAL INFORMATION
fixed length control field 131103s9999 xx 000 0 und d
040 ## - CATALOGING SOURCE
Original cataloging agency Loreto College
041 ## - LANGUAGE CODE
Language code English
082 ## - DDC | ডিউই
Classification number | বর্গসংখ্যা 954.14
Book Number | গ্রন্থাঙ্ক MAJ
245 ## - TITLE STATEMENT | অাখ্যা বিবরণী
Title | অাখ্যা History of Ancient Bengal
Statement of responsibility | লেখকের দায়িত্বের বিবরণ R.C. Majumdar
650 ## - SUBJECT ADDED ENTRY--TOPICAL TERM | বিষয় শিরোনাম - মূল বিষয়
Topical term | মূল বিষয় Bengal, India, History
850 ## - HOLDING INSTITUTION
Holding institution LCLIB
942 ## - ADDED ENTRY ELEMENTS (KOHA)
Koha item type Books
Holdings
Withdrawn status Lost status Source of classification Damaged status Not for loan Home library Current library Date acquired Total Checkouts Full call number Accession No. Date last seen Date checked out Price effective from Koha item type Coded location qualifier
    Dewey Decimal Classification     Loreto College Loreto College 04/11/2013 4 954.14 MAJ 18987 B20055 17/03/2017 17/03/2017 04/11/2013 Books